Uplatnenie jednotlivých oceňovacích veličín pri oceňovaní majetku a záväzkov v účtovníctve diplomová práca

Saved in:
Bibliographic Details
Main Author: Uherová, Tímea
Corporate Author: Fakulta hospodárskej informatiky EU. Katedra účtovníctva a audítorstva
Other Authors: Hornická, Renáta, 1977-
Format: Book
Language:Slovak
Published: Bratislava 2012
Tags: Add Tag
No Tags, Be the first to tag this record!

MARC

LEADER 00000nbm a2200000 4500
001 0154768
005 20161109102143.5
041 0 |a slo 
044 |a SK 
245 1 0 |a Uplatnenie jednotlivých oceňovacích veličín pri oceňovaní majetku a záväzkov v účtovníctve  |b diplomová práca  |c Tímea Uherová ; školiteľ: Renáta Hornická 
264 1 |a Bratislava  |c 2012 
300 |a 76 s. 
100 1 |a Uherová, Tímea 
700 1 |a Hornická, Renáta, 1977- 
710 2 |a Fakulta hospodárskej informatiky EU. Katedra účtovníctva a audítorstva